| Tag |
First Indicator |
Second Indicator |
Subfields |
| LEADER |
00000cam a2200000 i 4500 |
| 001 |
in00000043997 |
| 005 |
20151007065050.0 |
| 008 |
800221s1979 nyua b 00100 eng |
| 010 |
|
|
|a 79124280
|
| 020 |
|
|
|a 0553131087 :
|c $2.50
|
| 035 |
|
|
|a (OCoLC)06090196
|
| 035 |
|
|
|9 AAE1210AM
|
| 040 |
|
|
|a DLC
|c DLC
|d TXA
|d UtOrBLW
|
| 043 |
|
|
|a n-us---
|
| 049 |
|
|
|a TXAM
|c [1405710]
|
| 050 |
0 |
0 |
|a KF387
|b .L37
|
| 082 |
0 |
|
|a 349.73
|
| 245 |
0 |
0 |
|a Law in America, how and why it works /
|c prepared by the editors of Encyclopaedia Britannica.
|
| 264 |
|
1 |
|a New York :
|b Bantam Books,
|c 1979.
|
| 300 |
|
|
|a 270 pages :
|b illustrations ;
|c 18 cm.
|
| 336 |
|
|
|a text
|b txt
|2 rdacontent
|
| 337 |
|
|
|a unmediated
|b n
|2 rdamedia
|
| 338 |
|
|
|a volume
|b nc
|2 rdacarrier
|
| 490 |
1 |
|
|a Bantam/Britannica books
|
| 500 |
|
|
|a Includes index.
|
| 504 |
|
|
|a Bibliography: pages 255-256.
|
| 650 |
|
0 |
|a Law
|z United States.
|
| 730 |
0 |
|
|a Encyclopaedia Britannica.
|
| 830 |
|
0 |
|a Bantam-Britannica books.
|
| 999 |
|
|
|a MARS
|
| 999 |
f |
f |
|s e969bf6f-b682-3ccc-8852-c7e2fc6a03ad
|i b934c884-f756-3887-bd6d-4871162543e3
|t 0
|
| 952 |
f |
f |
|p ric
|a Texas A&M University
|b Rellis Campus
|c Joint Library Facility
|d Remote Storage
|t 0
|e KF387 .L37
|h Library of Congress classification
|i unmediated -- volume
|m A14803160806
|
| 998 |
f |
f |
|a KF387 .L37
|t 0
|l Remote Storage
|